<?xml version="1.0" encoding="UTF-8"?>
<record
    xmlns:xsi="http://www.w3.org/2001/XMLSchema-instance"
    xsi:schemaLocation="http://www.loc.gov/MARC21/slim http://www.loc.gov/standards/marcxml/schema/MARC21slim.xsd"
    xmlns="http://www.loc.gov/MARC21/slim">

  <leader>02704nam a22003857a 4500</leader>
  <controlfield tag="003">OSt</controlfield>
  <controlfield tag="005">20260602100919.0</controlfield>
  <controlfield tag="007">a</controlfield>
  <controlfield tag="008">260602b        |||||||| |||| 00| 0 eng d</controlfield>
  <datafield tag="040" ind1=" " ind2=" ">
    <subfield code="a">Foundation University</subfield>
    <subfield code="b">eng</subfield>
    <subfield code="c">Foundation University</subfield>
    <subfield code="e">rda</subfield>
  </datafield>
  <datafield tag="050" ind1=" " ind2=" ">
    <subfield code="a">GS (MBA-FS) LG 221 D35 G73</subfield>
    <subfield code="b">A5 B87 1998 M36</subfield>
  </datafield>
  <datafield tag="100" ind1=" " ind2=" ">
    <subfield code="a">Maningo, Edward V.,</subfield>
    <subfield code="e">author.</subfield>
    <subfield code="9">16339</subfield>
  </datafield>
  <datafield tag="245" ind1="0" ind2="0">
    <subfield code="a">Pre-feasibility study on implementing an integrated solid waste management system in the proposed Metro Dumaguete area /       </subfield>
    <subfield code="c">by Edward V. Maningo.</subfield>
  </datafield>
  <datafield tag="260" ind1=" " ind2=" ">
    <subfield code="a">Dumaguete City :</subfield>
    <subfield code="b">Foundation University,</subfield>
    <subfield code="c">1998.</subfield>
  </datafield>
  <datafield tag="264" ind1=" " ind2=" ">
    <subfield code="4">1998.</subfield>
  </datafield>
  <datafield tag="300" ind1=" " ind2=" ">
    <subfield code="3">feasibility study</subfield>
    <subfield code="a">xv, 64 leaves :</subfield>
    <subfield code="b">ill. (some color.) ; photographs ;</subfield>
    <subfield code="c">28 cm.</subfield>
    <subfield code="f">leaves</subfield>
  </datafield>
  <datafield tag="336" ind1=" " ind2=" ">
    <subfield code="3">rdacontent</subfield>
    <subfield code="a">text</subfield>
    <subfield code="b">txt</subfield>
  </datafield>
  <datafield tag="337" ind1=" " ind2=" ">
    <subfield code="3">rdamedia</subfield>
    <subfield code="a">unmediated</subfield>
    <subfield code="b">n</subfield>
  </datafield>
  <datafield tag="338" ind1=" " ind2=" ">
    <subfield code="2">rdacarrier</subfield>
    <subfield code="3">MBA-FS</subfield>
    <subfield code="a">volume</subfield>
    <subfield code="b">nc</subfield>
  </datafield>
  <datafield tag="490" ind1=" " ind2=" ">
    <subfield code="a">MBA-FS</subfield>
  </datafield>
  <datafield tag="500" ind1=" " ind2=" ">
    <subfield code="a">Feasibility study submitted to Foundation University.</subfield>
  </datafield>
  <datafield tag="502" ind1=" " ind2=" ">
    <subfield code="a">Graduate feasibility study (Master in Business Administration) -- Foundation University, 1998.</subfield>
  </datafield>
  <datafield tag="504" ind1=" " ind2=" ">
    <subfield code="a">Includes bibliographical references and appendixes.</subfield>
  </datafield>
  <datafield tag="520" ind1=" " ind2=" ">
    <subfield code="a">Abstract
This pre-feasibility study assessed the viability of implementing an integrated solid waste management system in the proposed Metro Dumaguete area. The study examined waste generation, collection, segregation, recycling, disposal practices, institutional arrangements, and inter-local government cooperation in addressing solid waste concerns. It evaluated possible strategies for sustainable waste management, resource recovery, environmental protection, and compliance with ecological waste management policies. The findings were intended to support planning and decision-making for a coordinated solid waste management program among local government units within the Metro Dumaguete area. The concept of a Metro Dumaguete solid waste management program was developed through inter-LGU collaboration among Dumaguete City and neighboring municipalities to promote resource sharing and sustainable waste management practices. :contentReference[oaicite:0]{index=0}</subfield>
  </datafield>
  <datafield tag="650" ind1=" " ind2=" ">
    <subfield code="a">Solid waste management</subfield>
    <subfield code="z">Philippines. </subfield>
    <subfield code="9">16942</subfield>
  </datafield>
  <datafield tag="650" ind1=" " ind2=" ">
    <subfield code="a">Refuse and refuse disposal.</subfield>
    <subfield code="9">16943</subfield>
  </datafield>
  <datafield tag="650" ind1=" " ind2=" ">
    <subfield code="a">Waste minimization. </subfield>
    <subfield code="9">16944</subfield>
  </datafield>
  <datafield tag="650" ind1=" " ind2=" ">
    <subfield code="a">Environmental management. </subfield>
    <subfield code="9">16894</subfield>
  </datafield>
  <datafield tag="650" ind1=" " ind2=" ">
    <subfield code="a">Recycling (Waste, etc.) </subfield>
    <subfield code="9">16945</subfield>
  </datafield>
  <datafield tag="650" ind1=" " ind2=" ">
    <subfield code="a">Sustainable development.</subfield>
    <subfield code="9">5988</subfield>
  </datafield>
  <datafield tag="658" ind1=" " ind2=" ">
    <subfield code="a">Capstone/Thesis Writing 2  :</subfield>
    <subfield code="b">Business Administration, Master in.</subfield>
    <subfield code="c">MBA214</subfield>
  </datafield>
  <datafield tag="711" ind1=" " ind2=" ">
    <subfield code="a">Foundation University,</subfield>
    <subfield code="e">issuing body.</subfield>
    <subfield code="9">16705</subfield>
  </datafield>
  <datafield tag="900" ind1=" " ind2="0">
    <subfield code="4">Sapalaran, James O., cataloger</subfield>
  </datafield>
  <datafield tag="942" ind1=" " ind2=" ">
    <subfield code="2">lcc</subfield>
    <subfield code="c">FS</subfield>
    <subfield code="h">LG 221 D35 G73</subfield>
    <subfield code="i">A5 B87 1998 M36</subfield>
    <subfield code="k">GS (MBA-FS) </subfield>
    <subfield code="n">0</subfield>
  </datafield>
  <datafield tag="999" ind1=" " ind2=" ">
    <subfield code="c">6212</subfield>
    <subfield code="d">6212</subfield>
  </datafield>
  <datafield tag="952" ind1=" " ind2=" ">
    <subfield code="0">0</subfield>
    <subfield code="1">0</subfield>
    <subfield code="2">lcc</subfield>
    <subfield code="4">0</subfield>
    <subfield code="7">0</subfield>
    <subfield code="a">FOUNDATION</subfield>
    <subfield code="b">FOUNDATION</subfield>
    <subfield code="c">MAIN-CAPSTONE, BP, FS</subfield>
    <subfield code="d">2026-06-02</subfield>
    <subfield code="e">Donated</subfield>
    <subfield code="l">0</subfield>
    <subfield code="o">GS (MBA-FS) LG 221 D35 G73 A5 B87 1998 M36</subfield>
    <subfield code="p">092024003003</subfield>
    <subfield code="r">2026-06-02 10:09:50</subfield>
    <subfield code="w">2026-06-02</subfield>
    <subfield code="y">FS</subfield>
    <subfield code="k">MBA-FS-2026047</subfield>
  </datafield>
</record>
